000 00854nam a2200217Ii 4500
003 JO-AjNU
008 230605s9999||||xx |||||||||||||| ||und||
017 _a2004/9/2233
040 _aJO-AjNU
_bara
_erda
_cJO-AjNU
041 _aara
050 1 4 _aQA135.6 2004
100 3 _aعبيد، وليم,
_eauthor
_957701
245 0 0 _aتعليم الرياضيات لجميع الاطفال في ضوء متطلبات المعايير وثقافة التفكير
250 _aط1
264 3 1 _aعمان: دار المسيره للنشر والتوزيع،2004
300 _a365ص
_bيتضمن جداول توضيحية
336 _atext
_btxt
_2rdacontent
337 _aunmediated
_bn
_2rdamedia
338 _avolume
_bnc
_2rdacarrier
650 4 _aالرياضيات - طرق التدريس - طرق التعليم - التعليم الاساسي
_957702
999 _aA25873
_c29441
_d29441